000 00682nam a22002057a 4500
001 00028443
005 20260304093445.0
008 260304b ag ||||| |||| 00| 0 spa d
040 _aAR-CcCEOS
_bspa
_cAR-CcCEOS
041 _aspa
080 _a820-2(082)
090 _bSCH
100 1 _aSchopenhauer, Arthur,
_d1788-1860
_9749
245 _aOBRAS :
_bLa cuadruple raíz del principio de razón suficiente : el mundo como voluntad y representación : eudemonología /
_cArturo Schopenhauer
264 _aBuenos Aires :
_bEl Ateneo,
_cc1950.
300 _a790 p. ;
_c19x13 cm.
490 _vColección Clásicos Inolvidables
655 0 _aliteratura
_919
942 _2udc
_cBK
_n0
999 _c28469
_d28469